Responses for Show #3277 - Tuesday, December 1, 1998

Andrew Maly game 2.

Contestants

[<< previous game]

Danielle Cast, a wife and mother from New Berlin, Wisconsin

Doug Higbee, a graduate student from Fountain Valley, California

Andrew Maly, an environmental engineer from Bel Air, Maryland (whose 1-day cash winnings total $6,100)

[next game >>]

Jeopardy! Round responses

DIETING
STATE TREES
CLASSIC TV CATCHPHRASES
ETYMOLOGY
FRANK SINATRA
NEW YORK, NEW YORK
    $100 11
Fat

Danielle
    $100 24
Alaska

Andrew
    $100 1
The Waltons

Andrew
    $100 20
Vodka (Voda)

Doug
    $100 14
"Chairman of the Board"

Danielle
    $100 6
(Danielle: What is the Verrazano Bridge?)

Brooklyn Bridge

AndrewDanielle
    $200 12
Scarsdale Diet

Danielle
    $200 25
Hawaii

Doug
    $200 2
The Honeymooners

Andrew
    $200 21
(Andrew: What is purgatory?)

limbo

Andrew
Triple Stumper
    $200 16
Hoboken

Doug
    $200 7
Guggenheim Museum

Andrew
    $300 13
Grapefruit diet

Doug
    $300 27
California

Danielle
    $300 3
Mission: Impossible

Andrew
    $300 22
cranberries

Danielle
    $300 17
From Here To Eternity

Doug
    $300 8
Coney Island

Andrew
    $400 15
Jenny Craig

Andrew
    $400 28
[The end-of-round signal sounds.]

oak

Doug
    $400 4
(Doug: What is What's Happening!!?)

Gomer Pyle, U.S.M.C.

Doug
Triple Stumper
    $400 26
Lycanthropy

Andrew
    $400 18
Nancy

Triple Stumper
    $1,000 9
[Imagine was shown.]
(Andrew: What is the Metropolitan Museum of Art?)

Strawberry Fields

Andrew
    $500 23
(Alex: Minute to go.)

Weigh Less

Triple Stumper
    $500 5
(Alex: Famous line of Sergeant Shultz.)

Hogan's Heroes

Andrew
    $500 19
(Andrew: What is "Mack The Knife"?)

"One For My Baby (And One More For The Road)"

Andrew
Triple Stumper
    $500 10
Peter Stuyvesant

Triple Stumper

Scores at the first commercial break (after clue 13):

Andrew Doug Danielle
$700 -$100 $200

Scores at the end of the Jeopardy! Round:

Andrew Doug Danielle
$900 $1,100 $900

Double Jeopardy! Round responses

A FEW WORDS FROM WORDSWORTH
1988
COMICS & COMIC BOOKS
DUBLINERS
INSTITUTIONS
STARTS & ENDS WITH "A"
    $200 7
Splendor

Andrew
    $200 6
The Supreme Court

Doug
    $200 13
Spider-Man

Danielle
    $200 22
(Alex: With a minute to go.)

Bram Stoker

Andrew
    $200 15
Benjamin Franklin

Triple Stumper
    $200 1
Alberta

Danielle
    $400 12
Dover

Andrew
    $400 8
Wayne Gretzky

Doug
    $400 14
Fred MacMurray

Danielle
    $400 23
Jonathan Swift

Doug
    $400 16
Lincoln Center

Doug
    $400 2
Acrophobia

Doug
    $600 27
Daffodils

Triple Stumper
    $600 9
Phantom Of The Opera

Danielle
    $600 19
the Justice League of America

Andrew
    $600 24
My Left Foot

Andrew
    $600 17
(Doug: What is Clemson University?)
...
(Alex: We were going for the state.)

South Carolina

AndrewDoug
    $600 3
Annabella

Danielle
    $800 28
[The end-of-round signal sounds.]

Mary, Queen of Scots

Andrew
    $500 10
The ruby slippers from The Wizard Of Oz

Danielle
    $800 20
Alley Oop

Andrew
    $800 25
Duke of Wellington

Triple Stumper
    $800 18
(Doug: What is Harvard?)

Princeton

Doug
Triple Stumper
    $800 4
Americana

Andrew
    $1000 11
John Poindexter

Doug
    $1000 21
Ability to become invisible

Triple Stumper
    $1000 26
(Alex: And he was wrong!)

Bishop James Usher

Triple Stumper
    $1000 5
Anathema

Triple Stumper

Scores at the end of the Double Jeopardy! Round:

Andrew Doug Danielle
$5,900 $2,500 $3,400

[wagering suggestions for these scores]

Final Jeopardy! Round responses

THE OLYMPICS
(Alex: Goood category!)
DougWhat is bobsled & bicycling?
$2,498
DanielleWhat are bobsledding & basketball
$3,200
AndrewWhat are basketball & bobsledding?
$900
Bobsledding & boxing

Final scores:

Andrew Doug Danielle
$5,000 $2 $200
2-day champion: $11,100 3rd place: Monorail Desktop PC 2nd place: Trip to London, England

Game dynamics:

Coryat scores:

Andrew Doug Danielle
$6,900 $2,500 $3,700
19 R
(including 1 DD),
3 W
(including 1 DD)
12 R,
3 W
11 R
(including 1 DD),
1 W

Combined Coryat: $13,100

[game clues] [game scores] [suggest correction]

Game tape date: 1998-10-07
The J! Archive is created by fans, for fans. Scraping, republication, monetization, and malicious use prohibited; this site may use cookies and collect identifying information. See terms. The Jeopardy! game show and all elements thereof, including but not limited to copyright and trademark thereto, are the property of Jeopardy Productions, Inc. and are protected under law. This website is not affiliated with, sponsored by, or operated by Jeopardy Productions, Inc. Join the discussion at JBoard.tv.